| 000 | 00695nam a22002177a 4500 | ||
|---|---|---|---|
| 005 | 2011081902122.0 | ||
| 008 | 110819t xxu||||| |||| 00| 0 eng d | ||
| 010 | _aENG-103537 | ||
| 020 | _c50.00 | ||
| 035 | _aEN-87070 | ||
| 037 | _bDBAD/PUB | ||
| 040 |
_aDPL _bEng |
||
| 082 | _a881 | ||
| 100 |
_aMurugesan, M.S.P. _933143 |
||
| 245 |
_aFeedbacks / _cby M.S.P. Murugesan |
||
| 260 |
_aChennai _bEnglish Titles _c2010 |
||
| 270 |
_a138, Sayee Nagar 3rd Street, Virugambakkam _bChennai _e600092 |
||
| 300 |
_a48p. _c22cm (pbk) |
||
| 942 |
_2ddc _cEN _h881 _mMUR |
||
| 999 |
_c55684 _d55684 |
||